| 000 | 00345 a2200133 4500 | ||
|---|---|---|---|
| 005 | 20250516084528.0 | ||
| 020 | _a978-3-030-72267-8 | ||
| 082 | _a690.4 | ||
| 100 | _aHAIDAR, A. D. | ||
| 245 | _aHandbook of Contract Management in Construction. | ||
| 260 |
_aSwitzerland, _bSpringer Nature, _c2021 |
||
| 300 |
_axiv,183p,; _c23cm. |
||
| 942 |
_2ddc _cBKS |
||
| 999 |
_c2358 _d2358 |
||